Defra Circular 01/2006 (Record no. 105786)

MARC details
000 -LEADER
fixed length control field 02138cad a2200325a5 4500
001 - CONTROL NUMBER
control field ##L134712
008 - FIXED-LENGTH DATA ELEMENTS--GENERAL INFORMATION
fixed length control field 060829s2006 xxk f f000 0 eng d
035 ## - SYSTEM CONTROL NUMBER
System control number (Sirsi) u134712
041 0# - LANGUAGE CODE
Language code of text/sound track or separate title eng
050 04 - LIBRARY OF CONGRESS CALL NUMBER
Classification number 333.73 $2 18
110 1# - MAIN ENTRY--CORPORATE NAME
Corporate name or jurisdiction name as entry element United Kingdom
Subordinate unit Department for Environment, Food and Rural Affairs
245 00 - TITLE STATEMENT
Title Defra Circular 01/2006
Remainder of title Environmental Protection Act 1990
-- Part IIA
-- contaminated land
Medium [electronic resource]
260 ## - PUBLICATION, DISTRIBUTION, ETC.
Place of publication, distribution, etc. London
Name of publisher, distributor, etc. DEFRA
Date of publication, distribution, etc. 2006
520 ## - SUMMARY, ETC.
Summary, etc. Provides guidance on the extended statutory regime for the identification and remediation of contaminated land with effect from 4 August 2006. The extended regime will apply to radioactive contamination of land in addition to the contamination covered previously. Government policy on radioactivity and the related changes to the Part IIA regime are set out in Annex 1 of the circular. Also a substantive change has been made to the Part IIA regime in respect of the arrangements for appeals against remediation notices served by local authorities. Replaces DETR Circular 02/2000 "Contaminated land: implementation of Part IIA of the Environmental Protection Act 1990" (ISBN 0117535443).
590 ## - LOCAL NOTE (RLIN)
Local note IKA050906 NTK, KA
650 24 - SUBJECT ADDED ENTRY--TOPICAL TERM
Topical term or geographic name entry element CONTAMINATED LAND
650 24 - SUBJECT ADDED ENTRY--TOPICAL TERM
Topical term or geographic name entry element ENVIRONMENTAL PROTECTION ACT 1990 PART IIA
650 24 - SUBJECT ADDED ENTRY--TOPICAL TERM
Topical term or geographic name entry element DEFRA CIRCULAR 01/2006
650 24 - SUBJECT ADDED ENTRY--TOPICAL TERM
Topical term or geographic name entry element CLEAN NEIGHBOURHOODS AND ENVIRONMENT ACT 2005 (COMMENCEMENT NO. 2) (ENGLAND) ORDER 2006
650 24 - SUBJECT ADDED ENTRY--TOPICAL TERM
Topical term or geographic name entry element ENVIRONMENTAL PROTECTION ACT 1990 (ISLES OF SCILLY) PROTECTION ORDER 2006
650 24 - SUBJECT ADDED ENTRY--TOPICAL TERM
Topical term or geographic name entry element CONTAMINATED LAND (ENGLAND) REGULATIONS 2006
650 24 - SUBJECT ADDED ENTRY--TOPICAL TERM
Topical term or geographic name entry element RADIOACTIVE CONTAMINATED LAND (MODIFICATION OF ENACTMENTS) (ENGLAND) REGULATIONS 2006
650 24 - SUBJECT ADDED ENTRY--TOPICAL TERM
Topical term or geographic name entry element RADIOACTIVE CONTAMINATED LAND (ENABLING POWERS) (ENGLAND) REGULATIONS 2006
650 24 - SUBJECT ADDED ENTRY--TOPICAL TERM
Topical term or geographic name entry element DETR CIRCULAR 02/2000
651 #4 - SUBJECT ADDED ENTRY--GEOGRAPHIC NAME
Geographic name England
Chronological subdivision 886-
651 #4 - SUBJECT ADDED ENTRY--GEOGRAPHIC NAME
Geographic name ISLES OF SCILLY
690 ## - LOCAL SUBJECT ADDED ENTRY--TOPICAL TERM (OCLC, RLIN)
Topical term or geographic name as entry element PROPERTY-RURAL AND NATURAL ASSETS-LAND-CONTAMINATED LAND
856 40 - ELECTRONIC LOCATION AND ACCESS
Uniform Resource Identifier <a href="https://archive.defra.gov.uk/environment/quality/land/contaminated/documents/circular01-2006.pdf ">https://archive.defra.gov.uk/environment/quality/land/contaminated/documents/circular01-2006.pdf </a>
Hours access method available View the Circular free of charge at www.defra.gov.uk...
942 ## - ADDED ENTRY ELEMENTS (KOHA)
Suppress in OPAC 0
Holdings
Withdrawn status Lost status Source of classification or shelving scheme Damaged status Not for loan Home library Current library Shelving location Date acquired Total Checkouts Full call number Barcode Date last seen Copy number Price effective from Koha item type
    Dewey Decimal Classification     Virtual Virtual Online 29/08/2006   ONLINE PUBLICATION 134712-2001 06/08/2019 1 06/08/2019 Book